Państwa Świata - ONZ - Statystyki

Ogólne statystyki
  • Ten quiz został rozwiązany 860 razy
  • Średni wynik to 121 z 193
Odpowiedzi na mapie
Odpowiedzi zakodowano w zielono-czerwonej skali na mapie do tego quizu, zgodnie z poniższymi procentami.
 
Statystyki odpowiedzi
Kraj % Poprawnych
Kanada
92%
Polska
92%
Rosja
92%
Stany Zjednoczone
91%
Francja
89%
Meksyk
89%
Ukraina
88%
Chiny
87%
Dania
87%
Hiszpania
87%
Litwa
87%
Łotwa
87%
Niemcy
87%
Norwegia
87%
Szwecja
87%
Wlochy
87%
Bialorus
86%
Brazylia
86%
Czechy
86%
Estonia
86%
Finlandia
86%
Portugalia
86%
Wielka Brytania
86%
Austria
85%
Belgia
85%
Holandia
85%
Irlandia
85%
Slowacja
85%
Turcja
85%
Grecja
84%
Islandia
84%
Slowenia
84%
Argentyna
83%
Australia
83%
Chile
83%
Indie
83%
Rumunia
83%
Szwajcaria
83%
Chorwacja
82%
Japonia
82%
Wegry
82%
Egipt
81%
Albania
80%
Bosnia i Hercegowina
80%
Bulgaria
80%
Kazachstan
80%
Korea Poludniowa
80%
Serbia
80%
Czarnogóra
79%
Iran
79%
Korea Pólnocna
79%
Moldawia
79%
Irak
78%
Kolumbia
77%
Kuba
77%
Macedonia Północna
76%
Mongolia
76%
Peru
76%
Urugwaj
76%
Arabia Saudyjska
75%
Boliwia
75%
Indonezja
75%
Luksemburg
75%
Madagaskar
75%
Maroko
75%
Wenezuela
74%
Izrael
73%
Nowa Zelandia
73%
Algieria
72%
Paragwaj
72%
Cypr
71%
Dominika
70%
Niger
70%
Pakistan
70%
Gruzja
69%
Malta
69%
Panama
69%
Afganistan
68%
Azerbejdzan
68%
Libia
68%
Nigeria
68%
Oman
68%
Andora
67%
Dominikana
67%
Filipiny
67%
Jemen
67%
Kongo
67%
Liechtenstein
67%
Sudan
67%
Uzbekistan
67%
Ekwador
66%
Republika Poludniowej Afryki
66%
Tadzykistan
66%
Tunezja
66%
Wietnam
66%
Zjednoczone Emiraty Arabskie
66%
Armenia
65%
San Marino
65%
Turkmenistan
65%
Syria
64%
Tajlandia
64%
Czad
63%
Etiopia
63%
Haiti
63%
Kirgistan
63%
Monako
63%
Honduras
61%
Jamajka
61%
Papua-Nowa Gwinea
61%
Demokratyczna Republika Konga
60%
Gujana
60%
Somalia
60%
Bangladesz
59%
Gwinea
59%
Jordania
59%
Kambodza
59%
Katar
59%
Liban
59%
Malezja
59%
Nepal
59%
Kostaryka
58%
Sudan Poludniowy
58%
Angola
57%
Laos
57%
Sri Lanka
57%
Mali
56%
Kenia
55%
Senegal
54%
Surinam
54%
Zambia
53%
Erytrea
52%
Gwinea Równikowa
52%
Wybrzeze Kosci Sloniowej
52%
Gwatemala
51%
Kuwejt
51%
Nikaragua
51%
Bahamy
50%
Salwador
50%
Zimbabwe
50%
Kamerun
49%
Mauretania
49%
Mjanma
49%
Fidzi
48%
Belize
47%
Bhutan
47%
Liberia
47%
Mozambik
47%
Togo
47%
Seszele
46%
Singapur
46%
Tanzania
46%
Uganda
46%
Ghana
45%
Lesotho
45%
Malediwy
45%
Mikronezja
44%
Rwanda
44%
Gwinea Bissau
43%
Republika Srodkowoafrykanska
43%
Wyspy Swietego Tomasza i Ksiazeca
43%
Botswana
41%
Gabon
41%
Republika Zielonego Przyladka
41%
Wyspy Salomona
40%
Dzibuti
39%
Malawi
39%
Namibia
39%
Timor Wschodni
39%
Bahrajn
38%
Barbados
38%
Brunei
38%
Gambia
38%
Wyspy Marshalla
38%
Benin
37%
Burkina Faso
37%
Mauritius
36%
Komory
35%
Saint Lucia
35%
Antigua i Barbuda
34%
Eswatini
34%
Trynidad i Tobago
34%
Palau
33%
Saint Kitts i Nevis
32%
Sierra Leone
32%
Burundi
31%
Kiribati
31%
Saint Vincent i Grenadyny
31%
Grenada
29%
Samoa
29%
Tonga
29%
Tuvalu
29%
Vanuatu
29%
Nauru
27%
Nie znaleziono quizów pasujących do podanych kryteriów
Rozkład punktacji
Procent ludzi z każdym wynikiem
Percentyl według liczby udzielonych odpowiedzi
Twoja historia wyników
Nie rozwiązałeś tego quizu